<?xml version="1.0" encoding="UTF-8"?><?xml-stylesheet type="text/xsl" href="static/style.xsl"?><OAI-PMH xmlns="http://www.openarchives.org/OAI/2.0/" xmlns:xsi="http://www.w3.org/2001/XMLSchema-instance" xsi:schemaLocation="http://www.openarchives.org/OAI/2.0/ http://www.openarchives.org/OAI/2.0/OAI-PMH.xsd"><responseDate>2026-06-03T03:11:10Z</responseDate><request verb="GetRecord" identifier="oai:riuma.uma.es:10630/21788" metadataPrefix="marc">https://riuma.uma.es/rest/oai/request</request><GetRecord><record><header><identifier>oai:riuma.uma.es:10630/21788</identifier><datestamp>2026-02-03T12:05:34Z</datestamp><setSpec>com_10630_2254</setSpec><setSpec>col_10630_37959</setSpec></header><metadata><record xmlns="http://www.loc.gov/MARC21/slim" xmlns:dcterms="http://purl.org/dc/terms/" xmlns:doc="http://www.lyncode.com/xoai" xmlns:xsi="http://www.w3.org/2001/XMLSchema-instance" xsi:schemaLocation="http://www.loc.gov/MARC21/slim http://www.loc.gov/standards/marcxml/schema/MARC21slim.xsd">
   <leader>00925njm 22002777a 4500</leader>
   <datafield ind2=" " ind1=" " tag="042">
      <subfield code="a">dc</subfield>
   </datafield>
   <datafield ind2=" " ind1=" " tag="720">
      <subfield code="a">González-Milea, Arasy</subfield>
      <subfield code="e">author</subfield>
   </datafield>
   <datafield ind2=" " ind1=" " tag="720">
      <subfield code="a">García-Ruiz, Carmen Rosa</subfield>
      <subfield code="e">author</subfield>
   </datafield>
   <datafield ind2=" " ind1=" " tag="260">
      <subfield code="c">2021-05-20</subfield>
   </datafield>
   <datafield ind2=" " ind1=" " tag="520">
      <subfield code="a">Este trabajo se constituye como un diseño de investigación para ser desarrollado en la asignatura Didáctica de las Ciencias Sociales para la Educación Infantil, en la Universidad de Málaga en el curso académico 2020/2021. La propuesta surge como respuesta a una necesidad de formar a futuras maestras y maestros en Educación Infantil para que sean capaces de desarrollar una Literacidad Crítica en niños y niñas de edades tempranas, para lo cual es necesario que en un primer momento ellos y ellas repiensen sus roles docentes y sus representaciones sociales en lo referente a qué entienden por educación, ciudadanía, escuela e infancia. &#xd;
En este diseño se incluyen dos fases de trabajo, la primera de intervención con las y los participantes, en la cual se le brindará una formación relativa a qué es y cómo se desarrolla la Literacidad Crítica en la primera infancia haciendo uso de recursos multimodales de contenido histórico, que hagan dialogar textos orales, escritos, visuales, etc., y en una segunda etapa, se plantea un análisis cualitativo de los datos recogidos durante la fase de intervención, que incluirá observaciones, entrevistas, análisis documental de contenido de las producciones elaboradas por las futuras maestras y maestros, lo cual nos permitirá conocer la potencialidad de incluir la dimensión multimodal de la comunicación en la práctica docente para generar propuestas que permitan trabajar contenido histórico con perspectiva crítica con niños y niñas de Educación Infantil.</subfield>
   </datafield>
   <datafield ind1="8" ind2=" " tag="024">
      <subfield code="a">González-Milea, Arasy (2021). Literacidad Crítica, multimodalidad y contenido histórico en Didáctica de las Ciencias Sociales para la Educación Infantil de ciencias Sociales: prácticas educativas para una ciudadanía crítica. Universidad de Valencia.</subfield>
   </datafield>
   <datafield ind1="8" ind2=" " tag="024">
      <subfield code="a">https://hdl.handle.net/10630/21788</subfield>
   </datafield>
   <datafield tag="653" ind2=" " ind1=" ">
      <subfield code="a">Ciencias sociales - Estudio y enseñanza primaria</subfield>
   </datafield>
   <datafield tag="653" ind2=" " ind1=" ">
      <subfield code="a">Enseñanza primaria - Metodología</subfield>
   </datafield>
   <datafield ind2="0" ind1="0" tag="245">
      <subfield code="a">Literacidad Crítica, multimodalidad y contenido histórico en Didáctica de las Ciencias Sociales para la Educación Infantil</subfield>
   </datafield>
</record>
</metadata></record></GetRecord></OAI-PMH>